[Event "2. Bundesliga Mitte 2013/2014"]
[Site "St. Veit/Glan"]
[Date "2014.03.23"]
[Round "8"]
[Board "2"]
[White "Handler, Lukas"]
[Black "Hofer, Christian"]
[Result "1-0"]
[WhiteElo "2388"]
[BlackElo "1942"]
[PlyCount "79"]
[EventDate "2013.10.04"]
[EventType "team"]
[EventRounds "11"]
[EventCountry "AUT"]
[WhiteTeam "SC MPOE Maria Saal II"]
[BlackTeam "SV Raika Rapid Feffernitz II"]

1. Nf3 Nf6 2. g3 d5 3. Bg2 g6 4. b3 Bg7 5. Bb2 Nc6 6. d4 Bf5 7. O-O O-O 8. Nbd2
Ne4 9. Rc1 Nb4 10. Nxe4 Bxe4 11. Qd2 c5 12. c3 Nc6 13. dxc5 Qa5 14. a3 Qxc5 15.
c4 d4 16. b4 Qd6 17. b5 Ne5 18. Nxe5 Qxe5 19. Bxd4 Rfd8 20. Bxe5 Rxd2 21. Bxe4
Bxe5 22. Bxb7 Rb8 23. Ba6 Bb2 24. c5 Bxc1 25. Rxc1 Rd7 26. c6 Rc7 27. a4 Rb6
28. e4 f6 29. f4 e5 30. fxe5 fxe5 31. a5 Rxa6 32. bxa6 Kf7 33. Kf2 Ke6 34. Ke3
Kd6 35. Kd3 h6 36. h3 h5 37. h4 Ke6 38. Rc5 Kf6 39. Kc4 g5 40. hxg5+ 1-0

[Event "2. Bundesliga Mitte 2013/2014"]
[Site "St. Veit/Glan"]
[Date "2014.03.23"]
[Round "8"]
[Board "3"]
[White "Koefeler, Christian"]
[Black "Halvax, Georg"]
[Result "0-1"]
[WhiteElo "2007"]
[BlackElo "2314"]
[PlyCount "64"]
[EventDate "2013.10.04"]
[EventType "team"]
[EventRounds "11"]
[EventCountry "AUT"]
[WhiteTeam "SV Raika Rapid Feffernitz II"]
[BlackTeam "SC MPOE Maria Saal II"]

1. e4 c5 2. c3 d5 3. exd5 Qxd5 4. d4 cxd4 5. cxd4 Nc6 6. Nf3 Bg4 7. Be2 e6 8.
Nc3 Bb4 9. Bd2 Qd8 10. a3 Ba5 11. O-O Nf6 12. Qa4 O-O 13. Bg5 Bxc3 14. bxc3 Qa5
15. Qxa5 Nxa5 16. h3 Bh5 17. Bxf6 gxf6 18. Rab1 Rac8 19. Rb5 Bxf3 20. gxf3 b6
21. Rc1 Rfd8 22. Rb4 Nc6 23. Rbb1 Ne7 24. Ba6 Rc7 25. Rb4 Nf5 26. Rbb1 Rd5 27.
Bd3 Nh4 28. f4 Ra5 29. Ra1 Ng6 30. Bxg6 hxg6 31. Kg2 Ra4 32. Kf3 Rac4 0-1

[Event "2. Bundesliga Mitte 2013/2014"]
[Site "St. Veit/Glan"]
[Date "2014.03.23"]
[Round "8"]
[Board "4"]
[White "Kaspret, Guido"]
[Black "Trampitsch, Hannes"]
[Result "1-0"]
[WhiteElo "2289"]
[BlackElo "2001"]
[PlyCount "61"]
[EventDate "2013.10.04"]
[EventType "team"]
[EventRounds "11"]
[EventCountry "AUT"]
[WhiteTeam "SC MPOE Maria Saal II"]
[BlackTeam "SV Raika Rapid Feffernitz II"]

1. c4 e6 2. Nf3 Nf6 3. g3 d5 4. Bg2 c6 5. Qc2 Nbd7 6. O-O Bd6 7. d3 O-O 8. Nc3
Re8 9. Bg5 Qa5 10. a3 h6 11. Bd2 Qc7 12. b3 Ne5 13. Ne1 d4 14. Ne4 Nxe4 15.
dxe4 Nd7 16. f4 e5 17. f5 Bf8 18. g4 g5 19. h4 f6 20. Rf3 Bg7 21. Rh3 Kf7 22.
Nf3 Nf8 23. c5 Nh7 24. e3 dxe3 25. Bxe3 Bd7 26. Bf1 Kf8 27. Bc4 Re7 28. Qh2 Be8
29. hxg5 Nxg5 30. Nxg5 fxg5 31. Rxh6 1-0

[Event "2. Bundesliga Mitte 2013/2014"]
[Site "St. Veit/Glan"]
[Date "2014.03.23"]
[Round "8"]
[Board "6"]
[White "Steiner, Josef"]
[Black "Zoehrer, Sarah"]
[Result "1-0"]
[WhiteElo "2121"]
[BlackElo "1711"]
[PlyCount "51"]
[EventDate "2013.10.04"]
[EventType "team"]
[EventRounds "11"]
[EventCountry "AUT"]
[WhiteTeam "SC MPOE Maria Saal II"]
[BlackTeam "SV Raika Rapid Feffernitz II"]

1. f4 Nf6 2. Nf3 d5 3. e3 c5 4. b3 Nbd7 5. Bb2 a6 6. a4 e6 7. Be2 b6 8. O-O Bb7
9. Qe1 Rc8 10. Na3 Qc7 11. Ne5 d4 12. Nxd7 Nxd7 13. Bf3 dxe3 14. Qxe3 Kd8 15.
Bxb7 Qxb7 16. f5 Qd5 17. fxe6 Qxe6 18. Qd3 Bd6 19. Rae1 Qh6 20. g3 Kc7 21. Qxa6
Qxd2 22. Re2 Qd5 23. Nc4 Ra8 24. Qb5 f6 25. Rd2 Ra5 26. Qxd7+ 1-0

[Event "2. Bundesliga Mitte 2013/2014"]
[Site "Steyregg"]
[Date "2014.04.04"]
[Round "9"]
[Board "1"]
[White "Flumbort, Andras"]
[Black "Kovacs, Gabor"]
[Result "1/2-1/2"]
[WhiteElo "2470"]
[BlackElo "2458"]
[PlyCount "60"]
[EventDate "2013.10.04"]
[EventType "team"]
[EventRounds "11"]
[EventCountry "AUT"]
[WhiteTeam "ASK St. Valentin"]
[BlackTeam "Union Styria Graz"]

1. d4 {[%emt 0:00:00]} Nf6 {[%emt 0:00:00]} 2. c4 e6 3. Nc3 Bb4 4. Qc2 O-O 5.
a3 Bxc3+ 6. Qxc3 d5 7. Nf3 b6 8. Bg5 dxc4 9. Qxc4 Ba6 10. Qa4 Qd7 11. Qxd7
Nbxd7 12. Bxf6 Nxf6 13. e3 Bb7 14. Rc1 Rac8 15. Ne5 Rfd8 16. f3 c5 17. dxc5 Nd7
18. Nxd7 Rxd7 19. e4 Kf8 20. b4 bxc5 21. Bb5 Rdc7 22. Kd2 cxb4 23. axb4 Rxc1
24. Rxc1 Rxc1 25. Kxc1 e5 26. Kd2 Ke7 27. Bc4 f6 28. Kc3 g5 29. g4 Kd6 30. Bd3
Bc6 1/2-1/2

[Event "2. Bundesliga Mitte 2013/2014"]
[Site "Steyregg"]
[Date "2014.04.04"]
[Round "9"]
[Board "2"]
[White "Pilaj, Herwig"]
[Black "Sandhoefner, Florian"]
[Result "1-0"]
[WhiteElo "2376"]
[BlackElo "2271"]
[PlyCount "63"]
[EventDate "2013.10.04"]
[EventType "team"]
[EventRounds "11"]
[EventCountry "AUT"]
[WhiteTeam "Union Styria Graz"]
[BlackTeam "ASK St. Valentin"]

1. Nf3 d5 2. e3 Nf6 3. b3 e6 4. Bb2 Be7 5. g3 O-O 6. Bg2 c5 7. c4 Nc6 8. O-O b6
9. Nc3 Ba6 10. d3 Rc8 11. Qe2 Qc7 12. Rad1 Rfd8 13. a3 Bb7 14. Rfe1 a6 15. h3
Rd7 16. cxd5 Nxd5 17. Ne4 e5 18. g4 Nf6 19. Ng3 Bf8 20. g5 Nd5 21. h4 Re8 22.
Qc2 Rdd8 23. Nd2 Bc8 24. Be4 Be6 25. Nf3 g6 26. Rc1 Rc8 27. Qb1 Qb8 28. b4 cxb4
29. Rxc6 Rxc6 30. Nxe5 Rcc8 31. Bxd5 Bxd5 32. Nd7 1-0

[Event "2. Bundesliga Mitte 2013/2014"]
[Site "Steyregg"]
[Date "2014.04.04"]
[Round "9"]
[Board "3"]
[White "Kranzl, Peter"]
[Black "Wittmann, Walter"]
[Result "1/2-1/2"]
[WhiteElo "2225"]
[BlackElo "2195"]
[PlyCount "60"]
[EventDate "2013.10.04"]
[EventType "team"]
[EventRounds "11"]
[EventCountry "AUT"]
[WhiteTeam "ASK St. Valentin"]
[BlackTeam "Union Styria Graz"]

1. Nf3 c5 2. g3 g6 3. Bg2 Bg7 4. O-O Nc6 5. d3 d6 6. c4 Nf6 7. Nc3 O-O 8. a3 a5
9. Bd2 h6 10. h3 Rb8 11. Rb1 b6 12. Ne1 Bb7 13. Nc2 Nd4 14. Bxb7 Rxb7 15. b4
axb4 16. axb4 Qd7 17. Kh2 Nc6 18. bxc5 bxc5 19. Rxb7 Qxb7 20. Qb1 Rb8 21. Qxb7
Rxb7 22. Rb1 Rxb1 23. Nxb1 e6 24. Nc3 Kf8 25. Kg2 Ke7 26. Kf1 Nd7 27. Ke1 f5
28. Kd1 Nb6 29. Ke1 Nd7 30. Kd1 Nb6 1/2-1/2

[Event "2. Bundesliga Mitte 2013/2014"]
[Site "Steyregg"]
[Date "2014.04.04"]
[Round "9"]
[Board "4"]
[White "Stagl, Marco"]
[Black "Theuretzbacher, Klaus"]
[Result "0-1"]
[WhiteElo "2149"]
[BlackElo "2265"]
[PlyCount "110"]
[EventDate "2013.10.04"]
[EventType "team"]
[EventRounds "11"]
[EventCountry "AUT"]
[WhiteTeam "Union Styria Graz"]
[BlackTeam "ASK St. Valentin"]

1. d4 Nf6 2. c4 c5 3. Nf3 e6 4. g3 cxd4 5. Nxd4 a6 6. Bg2 Qc7 7. b3 d6 8. O-O
Be7 9. Bb2 Nc6 10. Nc2 Rb8 11. Nc3 b6 12. e4 O-O 13. Ne3 Bb7 14. Rc1 Ne5 15.
Qe2 Rfe8 16. f4 Ned7 17. g4 Nc5 18. Qc2 h6 19. b4 Ncd7 20. Qf2 Rf8 21. h4 Nh7
22. g5 Qd8 23. Bh3 hxg5 24. hxg5 e5 25. fxe5 Nxe5 26. Nf5 Nxg5 27. Bg2 Bf6 28.
Qe2 g6 29. Ne3 Bg7 30. Ncd5 Bc8 31. Rcd1 Re8 32. Bd4 Bd7 33. a3 Ne6 34. Ba1 b5
35. c5 dxc5 36. bxc5 Nxc5 37. Qf2 Be6 38. Bxe5 Bxe5 39. Ng4 Bxg4 40. Qxf7+ Kh8
41. Nf4 Bd4+ 42. Kh1 Bh5 43. Rxd4 Qxd4 44. Nxh5 Rf8 45. Qxf8+ Rxf8 46. Rxf8+
Kh7 47. Ng3 Qa1+ 48. Kh2 Qxa3 49. Rf7+ Kg8 50. Rc7 Ne6 51. Rc8+ Kg7 52. e5 Qa2
53. Kg1 Qa1+ 54. Kf2 Qd4+ 55. Kf1 Qf4+ 0-1

[Event "2. Bundesliga Mitte 2013/2014"]
[Site "Steyregg"]
[Date "2014.04.04"]
[Round "9"]
[Board "5"]
[White "Tober, Gerhard"]
[Black "Manhardt, Thomas"]
[Result "0-1"]
[WhiteElo "2284"]
[BlackElo "2226"]
[PlyCount "60"]
[EventDate "2013.10.04"]
[EventType "team"]
[EventRounds "11"]
[EventCountry "AUT"]
[WhiteTeam "ASK St. Valentin"]
[BlackTeam "Union Styria Graz"]

1. e4 c5 2. Nf3 Nc6 3. Bb5 g6 4. Bxc6 bxc6 5. O-O Bg7 6. d3 e5 7. Be3 d6 8. Qc1
h6 9. Re1 Ne7 10. Nbd2 f5 11. exf5 gxf5 12. Nc4 Be6 13. Nfd2 O-O 14. f4 e4 15.
Bf2 Ng6 16. g3 d5 17. Na3 Bd4 18. dxe4 Bxf2+ 19. Kxf2 fxe4 20. Kg1 Kh7 21. Nb3
Bh3 22. Qe3 Nxf4 23. gxf4 Rg8+ 24. Kh1 Bg2+ 25. Kg1 Qh4 26. Re2 Bf3+ 27. Kf1
Bxe2+ 28. Qxe2 Raf8 29. Qe3 Rxf4+ 30. Ke2 Qxh2+ 0-1

[Event "2. Bundesliga Mitte 2013/2014"]
[Site "Steyregg"]
[Date "2014.04.04"]
[Round "9"]
[Board "6"]
[White "Rohler, Siegfried"]
[Black "Heimberger, Reinhard"]
[Result "0-1"]
[WhiteElo "2175"]
[BlackElo "2303"]
[PlyCount "68"]
[EventDate "2013.10.04"]
[EventType "team"]
[EventRounds "11"]
[EventCountry "AUT"]
[WhiteTeam "Union Styria Graz"]
[BlackTeam "ASK St. Valentin"]

1. e4 {[%emt 0:00:00]} c5 {[%emt 0:00:00]} 2. Nf3 d6 3. d4 cxd4 4. Nxd4 Nf6 5.
Nc3 a6 6. f4 e6 7. Qf3 Qc7 8. g4 b5 9. a3 Bb7 10. g5 Nfd7 11. Bh3 Nc6 12. Be3
Nb6 13. O-O-O Nc4 14. f5 Nxd4 15. Bxd4 e5 16. Bf2 Be7 17. Rhg1 Qd8 18. Bh4 Qb6
19. Nd5 Bxd5 20. exd5 Qe3+ 21. Qxe3 Nxe3 22. Rd3 Nc4 23. b3 Nxa3 24. Rc3 h6 25.
f6 hxg5 26. fxe7 Rxh4 27. Rxg5 g6 28. Rgg3 Ra7 29. Kb2 b4 30. Rc6 Kxe7 31. Bf1
Rxh2 32. Rh3 Rxh3 33. Bxh3 Nb5 34. Bf1 Nc3 0-1

[Event "2. Bundesliga Mitte 2013/2014"]
[Site "Steyregg"]
[Date "2014.04.04"]
[Round "9"]
[Board "1"]
[White "Mayerhofer, Peter"]
[Black "Mohr, Georg"]
[Result "1/2-1/2"]
[WhiteElo "2202"]
[BlackElo "2481"]
[PlyCount "60"]
[EventDate "2013.10.04"]
[EventType "team"]
[EventRounds "11"]
[EventCountry "AUT"]
[WhiteTeam "SPG Freistadt/Wartberg"]
[BlackTeam "Strassenbahn Graz"]

1. e4 e6 2. d4 d5 3. Nc3 Nf6 4. Bg5 dxe4 5. Nxe4 Be7 6. Bxf6 gxf6 7. Nf3 b6 8.
Bb5+ c6 9. Bc4 Bb7 10. Qe2 Nd7 11. O-O-O Qc7 12. g3 O-O-O 13. Rhe1 Kb8 14. Kb1
h6 15. Bb3 f5 16. Ned2 h5 17. Nc4 h4 18. Nce5 Nxe5 19. Nxe5 Bf6 20. c3 hxg3 21.
hxg3 c5 22. dxc5 Be4+ 23. Nd3 Rxd3 24. Rxd3 Qxc5 25. Bc2 Bxd3 26. Qxd3 Rd8 27.
Qf3 Qd5 28. Qxd5 Rxd5 29. Rd1 Rxd1+ 30. Bxd1 Be7 1/2-1/2

[Event "2. Bundesliga Mitte 2013/2014"]
[Site "Steyregg"]
[Date "2014.04.04"]
[Round "9"]
[Board "2"]
[White "Supancic, Darko"]
[Black "Traunwieser, Georg"]
[Result "1-0"]
[WhiteElo "2334"]
[BlackElo "2121"]
[PlyCount "67"]
[EventDate "2013.10.04"]
[EventType "team"]
[EventRounds "11"]
[EventCountry "AUT"]
[WhiteTeam "Strassenbahn Graz"]
[BlackTeam "SPG Freistadt/Wartberg"]

1. Nf3 f5 2. g3 Nf6 3. Bg2 c6 4. O-O d5 5. d4 e6 6. c4 Bd6 7. b3 Qe7 8. a4 a5
9. Ba3 Bxa3 10. Nxa3 O-O 11. Nc2 Nbd7 12. Nce1 b6 13. Nd3 Ba6 14. Rc1 Rac8 15.
Nfe5 Nxe5 16. Nxe5 Nd7 17. Nd3 dxc4 18. bxc4 c5 19. Nf4 Kh8 20. d5 e5 21. Ne6
Rf6 22. Qb3 Qd6 23. f4 h6 24. Qc3 Rg8 25. Rb1 e4 26. Rfc1 Kh7 27. Kh1 g5 28.
fxg5 hxg5 29. Rf1 Kh6 30. Bxe4 Ne5 31. Rxb6 Qxb6 32. Qxe5 Rxe6 33. dxe6 fxe4
34. e7 1-0

[Event "2. Bundesliga Mitte 2013/2014"]
[Site "Steyregg"]
[Date "2014.04.04"]
[Round "9"]
[Board "3"]
[White "Ly, Daniel"]
[Black "Krebs, Johann"]
[Result "0-1"]
[WhiteElo "2079"]
[BlackElo "2250"]
[PlyCount "62"]
[EventDate "2013.10.04"]
[EventType "team"]
[EventRounds "11"]
[EventCountry "AUT"]
[WhiteTeam "SPG Freistadt/Wartberg"]
[BlackTeam "Strassenbahn Graz"]

1. e4 c5 2. Nf3 Nc6 3. d4 cxd4 4. Nxd4 e5 5. Nb5 d6 6. N1c3 a6 7. Na3 b5 8. Nd5
Nf6 9. Bg5 Be7 10. Bxf6 Bxf6 11. c3 O-O 12. Nc2 Rb8 13. Bd3 Bg5 14. h4 Bh6 15.
Qf3 Be6 16. g4 Bf4 17. g5 Qd7 18. Nce3 b4 19. Nf5 Bxd5 20. exd5 Ne7 21. Nxe7+
Qxe7 22. Qe4 g6 23. cxb4 a5 24. b5 Kg7 25. Rg1 Rbc8 26. Rg4 Qd7 27. Rg1 Rc5 28.
h5 Rfc8 29. Ke2 Qh3 30. hxg6 Qh5+ 31. Qf3 Rc2+ 0-1

[Event "2. Bundesliga Mitte 2013/2014"]
[Site "Steyregg"]
[Date "2014.04.04"]
[Round "9"]
[Board "4"]
[White "Pesorda, Ivan"]
[Black "Koller, Hans-Juergen"]
[Result "1-0"]
[WhiteElo "2246"]
[BlackElo "2065"]
[PlyCount "59"]
[EventDate "2013.10.04"]
[EventType "team"]
[EventRounds "11"]
[EventCountry "AUT"]
[WhiteTeam "Strassenbahn Graz"]
[BlackTeam "SPG Freistadt/Wartberg"]

1. d4 Nf6 2. c4 c5 3. d5 e6 4. Nc3 exd5 5. cxd5 d6 6. Nf3 g6 7. Nd2 a6 8. a4
Be7 9. e4 O-O 10. Be2 Re8 11. O-O Nbd7 12. Re1 Rb8 13. f4 Nf8 14. Bc4 Nh5 15.
Nf3 Bg4 16. e5 Bh4 17. g3 Nxg3 18. hxg3 Bxg3 19. Kg2 Bxe1 20. Qxe1 Bxf3+ 21.
Kxf3 Nd7 22. e6 Nf6 23. f5 fxe6 24. dxe6 d5 25. Nxd5 Nxd5 26. Qe5 Qf6 27. Qxd5
Qxf5+ 28. Qxf5 gxf5 29. Bh6 Kh8 30. Rg1 1-0

[Event "2. Bundesliga Mitte 2013/2014"]
[Site "Steyregg"]
[Date "2014.04.04"]
[Round "9"]
[Board "5"]
[White "Ly, Dominik"]
[Black "Steiner, Stefan"]
[Result "0-1"]
[WhiteElo "1851"]
[BlackElo "2284"]
[PlyCount "86"]
[EventDate "2013.10.04"]
[EventType "team"]
[EventRounds "11"]
[EventCountry "AUT"]
[WhiteTeam "SPG Freistadt/Wartberg"]
[BlackTeam "Strassenbahn Graz"]

1. e4 Nc6 2. Nf3 f5 3. exf5 d5 4. d4 Bxf5 5. c3 e6 6. Bd3 Bg4 7. h3 Bxf3 8.
Qxf3 Nf6 9. O-O Bd6 10. Re1 Qd7 11. Bf5 Nd8 12. Qe2 O-O 13. Bc2 Nf7 14. f4 Rae8
15. Be3 g6 16. g3 Nh5 17. Kg2 Nh6 18. Nd2 Nf5 19. Nf1 c6 20. Qd2 Qd8 21. Bd1
Nf6 22. Bf3 Bc7 23. Qc2 Kg7 24. Re2 h5 25. Rae1 Qd6 26. Qb3 h4 27. g4 Nxe3+ 28.
Rxe3 Qxf4 29. Qxb7 Nh7 30. Qa6 Ng5 31. Qd3 Rf6 32. R1e2 Ref8 33. Rf2 Ne4 34.
Rc2 Ng5 35. Rf2 Ne4 36. Rc2 Ng3 37. Nd2 Nh5 38. Nf1 Qg5 39. Qd1 Nf4+ 40. Kh2
Ne2+ 41. Kg2 Ng3 42. Rd3 Nxf1 43. Qxf1 Qf4 0-1

[Event "2. Bundesliga Mitte 2013/2014"]
[Site "Steyregg"]
[Date "2014.04.04"]
[Round "9"]
[Board "1"]
[White "Taggatz, Mario"]
[Black "Arztmann, Wolfgang"]
[Result "1-0"]
[WhiteElo "2222"]
[BlackElo "2194"]
[PlyCount "109"]
[EventDate "2013.10.04"]
[EventType "team"]
[EventRounds "11"]
[EventCountry "AUT"]
[WhiteTeam "Spg. Sauwald"]
[BlackTeam "SV Raika Rapid Feffernitz II"]

1. Nf3 Nf6 2. g3 d5 3. Bg2 e6 4. O-O Be7 5. c4 O-O 6. d4 dxc4 7. Qa4 a6 8. Qxc4
b5 9. Qc2 Bb7 10. Bg5 Be4 11. Qc1 Nbd7 12. Nbd2 Bb7 13. Rd1 Qc8 14. Nb3 a5 15.
Bxf6 Bxf6 16. Nc5 Bd5 17. e4 Bc4 18. Nxd7 Qxd7 19. Qe3 b4 20. Nd2 Bb5 21. e5
Be7 22. Bxa8 Rxa8 23. Ne4 Bc6 24. f3 Rd8 25. Rac1 Bd5 26. b3 h6 27. Kg2 c6 28.
Rc2 Qa7 29. h4 a4 30. Nc5 axb3 31. axb3 Ra8 32. Kh2 Qa3 33. Rd3 Qa1 34. Qc1
Qxc1 35. Rxc1 Ra2+ 36. Kh3 Rb2 37. g4 g6 38. Kg3 Kg7 39. Ra1 Rc2 40. Ne4 Rb2
41. Ra7 Bf8 42. Nd6 Bxb3 43. Rxf7+ Kg8 44. Rb7 Bc2 45. Rd2 b3 46. Ne8 Ba3 47.
Nd6 Ra2 48. Nc4 Bc1 49. Rf2 Bd3 50. Nb2 Bxb2 51. Rxb3 Bc4 52. Rb8+ Kf7 53.
Rfxb2 Ra7 54. R2b7+ Rxb7 55. Rxb7+ 1-0

[Event "2. Bundesliga Mitte 2013/2014"]
[Site "Steyregg"]
[Date "2014.04.04"]
[Round "9"]
[Board "2"]
[White "Pacher, Simon"]
[Black "Renner, Christoph"]
[Result "0-1"]
[WhiteElo "2044"]
[BlackElo "2379"]
[PlyCount "104"]
[EventDate "2013.10.04"]
[EventType "team"]
[EventRounds "11"]
[EventCountry "AUT"]
[WhiteTeam "SV Raika Rapid Feffernitz II"]
[BlackTeam "Spg. Sauwald"]

1. e4 e5 2. Nf3 Nc6 3. Bb5 a6 4. Ba4 Nf6 5. d3 d6 6. h3 b5 7. Bb3 Na5 8. c3
Nxb3 9. axb3 g6 10. O-O Bg7 11. Nbd2 O-O 12. Re1 Re8 13. Nf1 Bb7 14. Ne3 Qd7
15. Ra5 Rad8 16. c4 c6 17. Nc2 Qc7 18. Bd2 bxc4 19. bxc4 d5 20. Ra3 Rb8 21. c5
Nh5 22. Ba5 Qd7 23. Bb6 Nf4 24. Nb4 Ra8 25. Qa1 f5 26. Nxa6 Rxa6 27. Rxa6 Nxd3
28. exd5 e4 29. dxc6 Qxc6 30. Qa2+ Kh8 31. Ng5 h6 32. Nf7+ Kh7 33. Re3 Nb4 34.
Qa4 Nxa6 35. Qxc6 Bxc6 36. Ra3 Ra8 37. Nd8 Nb8 38. Rxa8 Bxa8 39. b4 Nc6 40. b5
Nxd8 41. Bxd8 Bd5 42. c6 Kg8 43. Bb6 Bc4 44. c7 Be6 45. f3 exf3 46. gxf3 Be5
47. Kf2 Kf7 48. Ba5 Ke8 49. b6 Kd7 50. Ke3 Kc6 51. f4 Bd6 52. Kf3 Bc8 0-1

[Event "2. Bundesliga Mitte 2013/2014"]
[Site "Steyregg"]
[Date "2014.04.04"]
[Round "9"]
[Board "3"]
[White "Hellmayr, Alois"]
[Black "Hofer, Christian"]
[Result "1-0"]
[WhiteElo "2209"]
[BlackElo "1942"]
[PlyCount "73"]
[EventDate "2013.10.04"]
[EventType "team"]
[EventRounds "11"]
[EventCountry "AUT"]
[WhiteTeam "Spg. Sauwald"]
[BlackTeam "SV Raika Rapid Feffernitz II"]

1. d4 {[%emt 0:00:00]} Nf6 {[%emt 0:00:00]} 2. Nf3 g6 3. b3 Bg7 4. Bb2 d5 5. g3
Bf5 6. Bg2 Qc8 7. h3 h5 8. Nbd2 Nc6 9. Rc1 O-O 10. c4 Ne4 11. cxd5 Nb4 12. Nh4
Nxa2 13. Nxe4 Nxc1 14. Qxc1 Bd7 15. Nf3 a5 16. h4 a4 17. bxa4 Bxa4 18. O-O Bb3
19. Nc3 Bc4 20. Ne5 Ba6 21. Re1 Rb8 22. Ba3 Qe8 23. Bb4 f6 24. Nf3 Qd7 25. Kh2
Rfd8 26. e4 c6 27. Bh3 Qe8 28. Be6+ Kh7 29. e5 cxd5 30. Nxd5 Bh6 31. Qc5 fxe5
32. Rxe5 Bf8 33. Nc7 Qa4 34. Rxh5+ gxh5 35. Qxh5+ Kg7 36. Qf7+ Kh6 37. Bd2# 1-0

[Event "2. Bundesliga Mitte 2013/2014"]
[Site "Steyregg"]
[Date "2014.04.04"]
[Round "9"]
[Board "4"]
[White "Koefeler, Christian"]
[Black "Hiermann, Dietmar"]
[Result "0-1"]
[WhiteElo "2007"]
[BlackElo "2290"]
[PlyCount "78"]
[EventDate "2013.10.04"]
[EventType "team"]
[EventRounds "11"]
[EventCountry "AUT"]
[WhiteTeam "SV Raika Rapid Feffernitz II"]
[BlackTeam "Spg. Sauwald"]

1. e4 {[%emt 0:00:00]} e5 2. Nf3 Nc6 3. Nc3 Nf6 4. g3 d6 5. Bg2 Be7 6. h3 Be6
7. O-O O-O 8. d3 Nd7 9. Be3 Nb6 10. Nd2 Bg5 11. Kh2 Bxe3 12. fxe3 f6 13. a3 Qd7
14. Nf3 Ne7 15. Qe2 Ng6 16. Rad1 c6 17. b3 Qe7 18. Nd2 d5 19. a4 Qc5 20. Ndb1
d4 21. exd4 exd4 22. Na2 Nxa4 23. bxa4 Bxa2 24. c3 Bxb1 25. Rxb1 Rab8 26. c4
Ne5 27. Rb3 g6 28. Rfb1 Kg7 29. Rxb7+ Rxb7 30. Rxb7+ Rf7 31. Rb3 Qa5 32. Qa2 h5
33. Ra3 Rb7 34. Rb3 Rxb3 35. Qxb3 Qd2 36. Qb7+ Kh6 37. h4 g5 38. hxg5+ fxg5 39.
Qe7 Nf3+ 0-1

[Event "2. Bundesliga Mitte 2013/2014"]
[Site "Steyregg"]
[Date "2014.04.04"]
[Round "9"]
[Board "5"]
[White "Testor, Sebastian"]
[Black "Tscharnuter, Hannes"]
[Result "1-0"]
[WhiteElo "2308"]
[BlackElo "2033"]
[PlyCount "69"]
[EventDate "2013.10.04"]
[EventType "team"]
[EventRounds "11"]
[EventCountry "AUT"]
[WhiteTeam "Spg. Sauwald"]
[BlackTeam "SV Raika Rapid Feffernitz II"]

1. d4 c5 2. d5 d6 3. e4 Nf6 4. Nc3 e5 5. Bb5+ Nbd7 6. a4 Be7 7. f4 exf4 8. Bxf4
O-O 9. Nf3 a6 10. Bxd7 Bxd7 11. O-O b5 12. e5 dxe5 13. Bxe5 b4 14. d6 bxc3 15.
dxe7 Qxe7 16. Bxf6 gxf6 17. bxc3 Qe3+ 18. Kh1 Bg4 19. Qd6 Be6 20. Rad1 Qxc3 21.
Rd3 Qxc2 22. Nd2 Rfd8 23. Rg3+ Kh8 24. Qf4 Qb2 25. Ne4 Rg8 26. Nxf6 Rxg3 27.
hxg3 Qd4 28. Qg5 Qd3 29. Rf4 Rc8 30. Qe5 Qg6 31. Rh4 c4 32. Nxh7+ Kg8 33. Nf6+
Kg7 34. Ne8+ Kf8 35. Rh8+ 1-0

[Event "2. Bundesliga Mitte 2013/2014"]
[Site "Steyregg"]
[Date "2014.04.04"]
[Round "9"]
[Board "6"]
[White "Zoehrer, Sarah"]
[Black "Lang, Josef Jun."]
[Result "0-1"]
[WhiteElo "1711"]
[BlackElo "2073"]
[PlyCount "56"]
[EventDate "2013.10.04"]
[EventType "team"]
[EventRounds "11"]
[EventCountry "AUT"]
[WhiteTeam "SV Raika Rapid Feffernitz II"]
[BlackTeam "Spg. Sauwald"]

1. d4 {[%emt 0:00:00]} Nf6 2. c4 e6 3. Nc3 Bb4 4. Bd2 O-O 5. e3 d5 6. Bd3 Nc6
7. a3 Bxc3 8. Bxc3 dxc4 9. Bxc4 Ne4 10. Qg4 Nxc3 11. bxc3 e5 12. Qf3 Qe7 13.
Ne2 Bd7 14. O-O Na5 15. Qd5 b6 16. Bd3 Rae8 17. Ng3 Kh8 18. a4 Bc6 19. Qa2 Rd8
20. Qc2 g6 21. Rae1 Qd7 22. Ra1 f5 23. Rfd1 f4 24. exf4 exf4 25. Ne4 f3 26. Ng3
fxg2 27. Be4 Bd5 28. Bxg2 Bb3 0-1

[Event "2. Bundesliga Mitte 2013/2014"]
[Site "Steyregg"]
[Date "2014.04.04"]
[Round "9"]
[Board "1"]
[White "Velicka, Petr"]
[Black "Karner, Christoph"]
[Result "1-0"]
[WhiteElo "2412"]
[BlackElo "2343"]
[PlyCount "81"]
[EventDate "2013.10.04"]
[EventType "team"]
[EventRounds "11"]
[EventCountry "AUT"]
[WhiteTeam "SV Steyregg"]
[BlackTeam "ESV Austria Graz"]

1. e4 Nf6 2. e5 Nd5 3. d4 d6 4. c4 Nb6 5. exd6 cxd6 6. Nc3 g6 7. h3 Bg7 8. Nf3
O-O 9. Bg5 h6 10. Be3 d5 11. c5 Nc4 12. Bxc4 dxc4 13. Qa4 b6 14. O-O Bb7 15.
Qxc4 Bxf3 16. gxf3 bxc5 17. dxc5 Nc6 18. Rad1 Qc8 19. Kg2 Rb8 20. b3 Rb4 21.
Qd3 Rh4 22. Rh1 Rh5 23. Ne2 Ne5 24. Qe4 e6 25. Ng3 f5 26. Qa4 f4 27. Nxh5 fxe3
28. Nxg7 Rxf3 29. fxe3 Qxc5 30. Qd4 Qc6 31. e4 Rf4 32. Nxe6 Rxe4 33. Qd8+ Kf7
34. Qc7+ Kxe6 35. Qxc6+ Nxc6 36. Rhe1 Rxe1 37. Rxe1+ Kd5 38. Re8 Kc5 39. Re6
Nb4 40. a3 Nd5 41. Kf3 1-0

[Event "2. Bundesliga Mitte 2013/2014"]
[Site "Steyregg"]
[Date "2014.04.04"]
[Round "9"]
[Board "2"]
[White "Kotz, Heinz Peter"]
[Black "Nemeth, Miklos"]
[Result "1/2-1/2"]
[WhiteElo "2339"]
[BlackElo "2482"]
[PlyCount "59"]
[EventDate "2013.10.04"]
[EventType "team"]
[EventRounds "11"]
[EventCountry "AUT"]
[WhiteTeam "ESV Austria Graz"]
[BlackTeam "SV Steyregg"]

1. e4 e5 2. Nf3 Nc6 3. Bb5 a6 4. Ba4 Nf6 5. O-O b5 6. Bb3 Bc5 7. c3 d6 8. d3 h6
9. a4 Rb8 10. axb5 axb5 11. Qe2 O-O 12. Rd1 Re8 13. h3 Bd7 14. Nbd2 b4 15. Bc4
Be6 16. Bxe6 Rxe6 17. Nf1 d5 18. Ng3 Bf8 19. Nf5 Qd7 20. Be3 Kh7 21. Ng3 Rd8
22. Qc2 g6 23. Qb3 Rb8 24. Qa4 bxc3 25. bxc3 d4 26. cxd4 Rb4 27. Qa8 Rb8 28.
Qa4 Rb4 29. Qa8 Rb8 30. Qa4 1/2-1/2

[Event "2. Bundesliga Mitte 2013/2014"]
[Site "Steyregg"]
[Date "2014.04.04"]
[Round "9"]
[Board "3"]
[White "Burlacu, Bogdan"]
[Black "Fahrner, Kurt"]
[Result "0-1"]
[WhiteElo "2342"]
[BlackElo "2294"]
[PlyCount "64"]
[EventDate "2013.10.04"]
[EventType "team"]
[EventRounds "11"]
[EventCountry "AUT"]
[WhiteTeam "SV Steyregg"]
[BlackTeam "ESV Austria Graz"]

1. e4 g6 2. d4 Bg7 3. Nf3 d6 4. c3 Nf6 5. Bd3 O-O 6. O-O Nc6 7. Nbd2 e5 8. dxe5
Nxe5 9. Bc2 b6 10. Re1 Bb7 11. Nf1 Nxf3+ 12. Qxf3 d5 13. e5 Ne4 14. Bf4 Ng5 15.
Qd3 Ne6 16. Bg3 d4 17. Bb3 dxc3 18. Qxc3 Nd4 19. Rad1 c5 20. Ne3 Qd7 21. f3
Rad8 22. Bc4 Qe7 23. Ng4 h5 24. Nf6+ Bxf6 25. exf6 Qxf6 26. Be5 Qg5 27. Bxd4
cxd4 28. Rxd4 Bxf3 29. Bxf7+ Kh7 30. Qxf3 Rxd4 31. Bxg6+ Kg7 32. Qxh5 Qxg6 0-1